Wetting and spreading of droplets on rough aluminum surfaces; European Physical Journal Web of Conferences (EPJ Web of Conferences); Vol. 196 : Actual Problems of Thermal Physics and Physical Hydrodynamics
| Parent link: | European Physical Journal Web of Conferences (EPJ Web of Conferences) Vol. 196 : Actual Problems of Thermal Physics and Physical Hydrodynamics.— 2019.— [00024, 5 р.] |
|---|---|
| Yazar: | |
| Müşterek Yazar: | |
| Diğer Yazarlar: | |
| Özet: | Title screen The wetting and spreading of distilled water droplets onabrasion-treated aluminum alloy AlMg 6 surfaces were studied. Using the shadow method, the dependences of the dynamic contact angle andhysteresis on the arithmetic mean of the profile deviation were obtained.Based on the analysis of the height and hybrid 3D roughness parameters, a relationship between the texture and spreading of the droplet is established. |
| Dil: | İngilizce |
| Baskı/Yayın Bilgisi: |
2019
|
| Konular: | |
| Online Erişim: | https://doi.org/10.1051/epjconf/201919600024 |
| Materyal Türü: | MixedMaterials Elektronik Kitap Bölümü |
| KOHA link: | https://koha.lib.tpu.ru/cgi-bin/koha/opac-detail.pl?biblionumber=659574 |
MARC
| LEADER | 00000naa0a2200000 4500 | ||
|---|---|---|---|
| 001 | 659574 | ||
| 005 | 20250827125900.0 | ||
| 035 | |a (RuTPU)RU\TPU\network\28189 | ||
| 090 | |a 659574 | ||
| 100 | |a 20190304d2019 k||y0engy50 ba | ||
| 101 | 0 | |a eng | |
| 102 | |a FR | ||
| 135 | |a drcn ---uucaa | ||
| 181 | 0 | |a i | |
| 182 | 0 | |a b | |
| 200 | 1 | |a Wetting and spreading of droplets on rough aluminum surfaces |f A. G. Islamova, K. O. Ponomarev | |
| 203 | |a Text |c electronic | ||
| 300 | |a Title screen | ||
| 320 | |a [References: 20 tit.] | ||
| 330 | |a The wetting and spreading of distilled water droplets onabrasion-treated aluminum alloy AlMg 6 surfaces were studied. Using the shadow method, the dependences of the dynamic contact angle andhysteresis on the arithmetic mean of the profile deviation were obtained.Based on the analysis of the height and hybrid 3D roughness parameters, a relationship between the texture and spreading of the droplet is established. | ||
| 461 | 0 | |0 (RuTPU)RU\TPU\network\7958 |t European Physical Journal Web of Conferences (EPJ Web of Conferences) | |
| 463 | |t Vol. 196 : Actual Problems of Thermal Physics and Physical Hydrodynamics |o XV All-Russian School-Conference of Young Scientists with International Participation, Novosibirsk, Russia, November 20-23, 2018 |v [00024, 5 р.] |d 2019 | ||
| 610 | 1 | |a электронный ресурс | |
| 610 | 1 | |a труды учёных ТПУ | |
| 610 | 1 | |a капля | |
| 610 | 1 | |a смачивание | |
| 610 | 1 | |a алюминиевые поверхности | |
| 700 | 1 | |a Islamova |b A. G. |c specialist in the field of thermal engineering |c laboratory assistant of Tomsk Polytechnic University |f 1993- |g Anastasiya Gomilievna |3 (RuTPU)RU\TPU\pers\37306 | |
| 701 | 1 | |a Ponomarev |b K. O. |c specialist in the field of thermal engineering |c laboratory assistant of Tomsk Polytechnic University |f 1993- |g Konstantin Olegovich |3 (RuTPU)RU\TPU\pers\35642 | |
| 712 | 0 | 2 | |a Национальный исследовательский Томский политехнический университет |b Инженерная школа энергетики |b Научно-образовательный центр И. Н. Бутакова (НОЦ И. Н. Бутакова) |3 (RuTPU)RU\TPU\col\23504 |
| 801 | 2 | |a RU |b 63413507 |c 20190304 |g RCR | |
| 856 | 4 | |u https://doi.org/10.1051/epjconf/201919600024 | |
| 942 | |c CF | ||